Library of the University of Algiers 3
Ibrahim Sultan Cheibout
شعار جامعة الجزائر 3
مكتبة جامعة الجزائر 3
إبراهيم سلطان شيبوط

أسرار التسويق الإستراتيجي / (رقم التسجيلة. 46313)

تفاصيل مارك
000 -LEADER
fixed length control field 01291nam a2200205Ia 4500
003 - CONTROL NUMBER IDENTIFIER
control field Ost
005 - DATE AND TIME OF LATEST TRANSACTION
control field 20260507075802.0
008 - FIXED-LENGTH DATA ELEMENTS--GENERAL INFORMATION
fixed length control field 260507s9999||||xx |||||||||||||| ||und||
020 ## - INTERNATIONAL STANDARD BOOK NUMBER
International Standard Book Number 9789947915806
040 ## - CATALOGING SOURCE
Transcribing agency fsecg
041 ## - LANGUAGE CODE
Language code of text/sound track or separate title ara
082 ## - DEWEY DECIMAL CLASSIFICATION NUMBER
Classification number 658.8
100 ## - MAIN ENTRY--PERSONAL NAME
Personal name الفقي، إبراهيم
Relator term مؤلف
245 #0 - TITLE STATEMENT
Title أسرار التسويق الإستراتيجي /
Statement of responsibility, etc. إبراهيم الفقي
260 ## - PUBLICATION, DISTRIBUTION, ETC.
Place of publication, distribution, etc. مصر :
Name of publisher, distributor, etc. بداية للانتاج والنشر والتوزيع;دار الوسيط للطباعة والنشر والتوزيع,
Date of publication, distribution, etc. 2014
300 ## - PHYSICAL DESCRIPTION
Extent 160 صفحة؛
Other physical details إيضاحات ؛
Dimensions 22 سم
520 ## - SUMMARY, ETC.
Summary, etc. يضم ماهو التسويق، ماذا تعني المهارات الشخصية، قوانين العقل الباطن وتأثيرها في التسويق، ديناميكية التكييف العصبي، التسويق الإستراتيجي، قوانين التسويق، أنواع التسويق، جذور التسويق الاستراتيجي، التسويق الاستراتيجي المختلط، تصميم المطبوعات والدعاية ، التسويق المباشر لغة الحياة المستقبلية، المزيج التسويقي، إدارة مزيج المنتجات.
653 ## - INDEX TERM--UNCONTROLLED
Uncontrolled term التسويق
942 ## - ADDED ENTRY ELEMENTS (KOHA)
Koha item type كتب
المقتنيات
Withdrawn status Lost status Source of classification or shelving scheme Damaged status Not for loan Home library Current library Date acquired Serial enumeration / chronology Inventory number Total checkouts Full call number Barcode Date last seen Price effective from Koha item type
    Library of Congress Classification   NOT LOAN / إعارة داخلية مكتبة كلية العلوم الإقتصادية والعلوم التجارية وعلوم التسيير مكتبة كلية العلوم الإقتصادية والعلوم التجارية وعلوم التسيير 07/05/2026 الطابق الأرضي 025.21/575   514/025.21ن01 025.21/575 07/05/2026 07/05/2026 كتب

موارد الويب المفتوحة


© University of Algiers 3 All Rights Reserved
|
Implemented by LECHELAH Riad